Countries With the Most Annual Suicides - Statistics

General Stats
  • This quiz has been taken 93 times
  • The average score is 19 of 24
Answer Stats
Annual Suicide Deaths Country % Correct
50,700 United States
99%
5,800 United Kingdom
98%
130,500 China
96%
34,900 Russia
96%
188,600 India
93%
22,300 Japan
93%
10,500 Germany
92%
8,800 Mexico
92%
9,100 France
91%
17,100 Brazil
88%
13,700 Pakistan
82%
4,700 Canada
80%
4,600 Indonesia
80%
13,300 South Korea
80%
9,900 Nigeria
75%
4,800 Argentina
74%
5,800 Poland
74%
8,700 South Africa
73%
10,000 Ukraine
71%
8,000 Thailand
70%
6,000 Bangladesh
65%
8,000 Vietnam
64%
7,300 Democratic Republic of the Congo
60%
6,700 Ethiopia
52%
No matching quizzes found
Score Distribution
Percent of People with Each Score
Percentile by Number Answered
Your Score History
You have not taken this quiz